| 000 | 00472nam a22001817a 4500 | ||
|---|---|---|---|
| 999 |
_c6512 _d6512 |
||
| 003 | OSt | ||
| 005 | 20200129113440.0 | ||
| 008 | 200129b ||||| |||| 00| 0 eng d | ||
| 020 | _a0333362985 | ||
| 040 | _cDDC. | ||
| 082 | _a372 EDU 1883 | ||
| 100 |
_aEdited by Greenland, Jeremy; _96352 |
||
| 245 | _aIn-Service Trainning of Primary Teachers in Africa. | ||
| 300 |
_ax,324p; _bill, _c22cm. |
||
| 504 | _aincludes index. | ||
| 650 | _2Education, | ||
| 942 |
_2ddc _cO_SHELF |
||